LEGO DC Comics Super Heroes: Minifigures by Picture - Statistics

General Stats
  • This quiz has been taken 263 times
  • The average score is 82 of 137
Answer Stats
Picture Answer % Correct
Aquaman/Arthur Curry
97%
Batman/Bruce Wayne
96%
Alfred Pennyworth
95%
Batgirl/Barbara Gordon
95%
Green Lantern/Hal Jordan
94%
Flash/Barry Allen
93%
Harley Quinn/Harleen Quinzel
93%
Joker
93%
Bane
92%
Cyborg/Victor Stone
92%
Batwoman/Kate Kane
89%
Green Lantern/John Stewart
89%
Beast Boy/Garfield Logan
88%
Catwoman/Selina Kyle
88%
Commissioner Gordon
88%
Green Arrow/Oliver Queen
88%
Krypto the Superdog
88%
Green Lantern/Jessica Cruz
87%
Hawkman/Carter Hall
87%
Bizarro
86%
Lex Luthor
86%
Nightwing/Dick Grayson
86%
Poison Ivy/Pamela Isley
86%
Blue Beetle/Jaime Reyes
85%
Green Lantern/Simon Baz
85%
Martian Manhunter/J'onn J'onzz
85%
Robin/Damian Wayne
85%
Robin/Tim Drake
85%
Black Manta/David Hyde
84%
Captain Cold/Leonard Snart
84%
Deathstroke/Slade Wilson
84%
Flash/Jay Garrick
84%
Hawkgirl/Shiera Saunders
84%
Killer Croc/Waylon Jones
84%
Black Canary/Dinah Lance
83%
Captain Marvel/Billy Batson
83%
Brainiac/Vril Dox
82%
Mister Freeze/Victor Fries
82%
Riddler/Edward Nigma
82%
Supergirl/Kara Zor-El
82%
Darkseid/Uxas
81%
Deadshot/Floyd Lawton
81%
Reverse-Flash/Eobard Thawne
81%
Scarecrow/Jonathan Crane
81%
Superman/Kal-El
81%
Cheetah/Barbara Ann Minerva
80%
Penguin/Oswald Chesterfield Cobblepot
79%
Wonder Woman/Diana Prince
79%
Calendar Man/Julian Gregory Day
78%
Man-Bat/Kirk Langstrom
78%
Red Hood/Jason Todd
78%
Captain Boomerang/Digger Harkness
77%
Raven/Rachel Roth
77%
Plastic Man/Patrick O'Brien
76%
Cheetah/Priscilla Rich
75%
Superboy/Conner Kent
75%
General Zod/Dru-Zod
74%
Gorilla Grodd
74%
Starfire/Koriand'r
74%
Two-Face/Harvey Dent
73%
Bumblebee/Karen Beecher
72%
Lobo
72%
Batman of Zur-En-Arrh/Tlano
71%
Thaal Sinestro
71%
Bat-Mite
70%
Katana/Tatsu Yamashiro
69%
Polka-Dot Man/Abner Krill
69%
Ace the Bathound
68%
Atom/Ray Palmer
68%
Huntress/Helena Wayne
68%
Ra’s al Ghul
67%
Firestorm/Jason Rusch
66%
Killer Moth/Drury Walker
66%
Black Lightning/Jefferson Pierce
64%
Killer Frost/Caitlin Snow
63%
Hugo Strange
62%
Superman/Val-Zod
60%
Catman/Thomas Blake
59%
Condiment King/Buddy Standler
59%
Eraser/Lenny Fiasco
59%
Lois Lane
59%
Firefly/Garfield Lynns
58%
Jor-El
58%
Batzarro
57%
Doomsday
57%
Egghead/Edgar Heed
55%
Clock King/William Tockman
54%
Stargirl/Courtney Whitmore
54%
Metamorpho/Rex Mason
53%
Arsenal/Roy Harper
52%
Kite-Man/Chuck Brown
51%
Mera
51%
Orca/Grace Balin
50%
Mister Miracle/Scott Free
46%
Ocean Master/Orm
46%
King Tut/William McElroy
45%
Bronze Tiger/Ben Turner
44%
Gentleman Ghost/James Craddock
44%
Lena Luthor
44%
Calculator/Noah Kuttler
40%
Talon/William Cobb
38%
Talia Al Ghul
37%
Trickster/Axel Walker
35%
Zebra Man/Jacob Baker
35%
Crazy Quilt/Paul Dekker
34%
Doctor Phosphorus/Alex Sartorius
34%
OMAC
30%
Tarantula/Catalina Flores
30%
Aaron Cash
29%
Mayor McCaskill
29%
Vixen/Amaya Jiwe
25%
Lightning Lad/Garth Ranzz
24%
Mutant Leader
24%
Magpie/Margaret Pye
21%
March Harriet/Harriet Pratt
21%
Cosmic Boy/Rokk Krinn
20%
Steve Trevor
20%
Kabuki Twin
19%
Apache Chief
18%
Jayna
18%
Mime/Camilla Ortin
18%
Zan
18%
Zodiac Master
18%
Black Vulcan
17%
Max Lord
16%
Max Shreck
16%
Vicki Vale
16%
Wonder Dog
16%
Eclipso
15%
Lashina
15%
Mad Harriet
15%
El Dorado
14%
Faora Hu-Ul
14%
Chief O'Hara
10%
Colonel Hardy
9%
Tor-An
9%
Etta Candy
8%
No matching quizzes found
Score Distribution
Percent of People with Each Score
Percentile by Number Answered
Your Score History
You have not taken this quiz